1598 1120 1275 1069 1444 1376 1556 1356 1806 1011 1844 1190 1002 1437 1021 1700 1685 1908 1730 1254 1650 1834 1210 1044 1156 1370 1739 1367 1071 1033 1903 1712 1554 1547 1596 1457 1431 1452 1481 1657 1553 1637 1588 1033 1809 1753 1800 1298 1084 1638 1646 1927 1386 1719 1876 1504 1404 1720 1145 1651 1820 1664 1869 1974 1808 1633 1707 1532 1939 1960 1627 1241 1605 1021 1714 1703 1076 1152 1330 1897 1738 1592 1089 1537 1374 1841 1961 1030 1042 1315 1726 1289 1385 1747 1568 1854 1173 1751 1569 BCNSPRNW ULIB Ver.6.0+V

เปลี่ยนเป็นภาษาไทย

Change to English
 แสดงรายละเอียดบรรณานุกรม
  กลับหน้าหลัก

Brief Record : Get Marc (ISO 2709) : E-mail record : QR code < ปิดหน้าต่าง
LEADER : 00000nam 2200000uu 4500
001    13399120632
003     ULIB
008    121001s2551||||th 000 0 tha d
020    ^a9789740535102
050  4 ^aAC158^bซ118ว
100 1  ^aซอยดงอี
245 10 ^aวิทยาศาสตร์ฉลาดรู้ เรื่อง ภูมิอากาศ /^cโดย ซอยดงอี, เขียน ;วิภาพร พูลสวัสดิ์, แปล
250    ^aพิมพ์ครั้งที่ 3
260    ^aกรุงเทพฯ :^bอัมรินทร์คอมมิกส์,^c2551
300    ^a199 หน้า :^bภาพประกอบ ;^c21 ซม.
650  7 ^aการ์ตูน
650  7 ^aภูมิอากาศ^xวรรณกรรมสำหรับเด็ก
650  7 ^aวรรณกรรมเกาหลี
650  7 ^aวรรณกรรมสำหรับเด็ก
700 0  ^aวิภาพร พูลสวัสดิ์,^eผู้แปล
945    ^p199^l0^i15234
995    ^aทศพร
999    ^aทศพร เกษรทอง
รายการนี้ยังไม่มีแท็ก
คุณยังไม่ได้ล็อกอิน คุณสามารถมีกิจกรรมร่วมกับเว็บไซต์ได้ แต่ต้องล็อกอินก่อน ::
  ล็อกอิน

รายการสื่อสารสนเทศ

ลำดับที่ ประเภท เลขเรียก/บาร์โค้ด สถานที่ สถานะ
1. วิทยาศาสตร์การแพทย์ และสุขภาพ
วิทยาศาสตร์การแพทย์ และสุขภาพ
AC158 ซ118ว  
  Barcode: 15234
ห้องสมุดวิทยาเขตสวรรค์ประชารักษ์
►หนังสือทั่วไป
ถูกยืม กำหนดส่งวันที่ 13 กุมภาพันธ์ 2566
  จอง

รายการใกล้เคียง
    ผู้แต่ง [ซอยดงอี]

    หัวเรื่อง [การ์ตูน]
    หัวเรื่อง [วรรณกรรมเกาหลี]
    หัวเรื่อง [วรรณกรรมสำหรับเด็ก]

BibComment


ยังไม่เคยถูกคอมเมนท์

คอมเมนท์ทรัพยากรรายการนี้
  คอมเมนท์: วิทยาศาสตร์ฉลาดร..


 Copyright 2026. Bcnsprnw @Library